00817cam a2200289 4500001000900000003000900009005001700018007000900035008003300044015000600077017000900083020001800092035000600110040002500116080000600141082002600147100001100173245006400184260003900248300002000287490003200307600005100339650003000390650004700420700002800467830003200495 4329305DO-SdBNP20240904113247.0 4329305080902s2009 sp 000 p spa  a  a b  a9788497643689 a  aBPMSUbspacBPMSUe  a  4a883.2bH766o 20092220 aHomero10aOdisea /cHomero ; introducción, Juan Alarcón Benitoh  aMadrid, España :bEdimat,c2009. a327 p. ;c20 cm0 aClásicos de la literatura a Homero, Siglo IX? a.C.dSiglo IX? a.ccOdisea 4a Poesía épica griega  4aOdisea (Mitología griega) vPoesía x 1 aAlarcón Benito, Juan  0pClásicos de la literatura